00461nam a2200193Ia 4500008004100000020001800041050001400059100001400073245003600087245001400123260001500137260001600152260000900168300001500177300002700192300001000219440002900229500000900258170918s9999 xx 000 0 und d a9780531276723 bM298 2013 aMara, Wil 4aThe Tiananmen square massacre / cWil Mara. aNew York : bScholastic, c2013 a64 pages : bcolored illustration ; c23cm. aCornerstones of freedom. a1080